00278nam a2200085Ia 4500008004100000100003700041245005400078260004100132300001900173180219s9999 xx 000 0 und d aEvangelista-Sia, Maria Loreto J. aPsychiatric nursing :ba text book and a reviewer aDavao CitybEPH Jade bookstorec2004 aiii, 445 pages